<?xml version="1.0" encoding="UTF-8"?>
<record
    xmlns:xsi="http://www.w3.org/2001/XMLSchema-instance"
    xsi:schemaLocation="http://www.loc.gov/MARC21/slim http://www.loc.gov/standards/marcxml/schema/MARC21slim.xsd"
    xmlns="http://www.loc.gov/MARC21/slim">

  <leader>00506    a2200121   4500</leader>
  <controlfield tag="001">ART_26023</controlfield>
  <controlfield tag="005">20260410161935.0</controlfield>
  <controlfield tag="008">260409a                                 </controlfield>
  <datafield tag="245" ind1="1" ind2="0">
    <subfield code="a">La econom&#xED;a argentina en la d&#xE9;cada del 90</subfield>
  </datafield>
  <datafield tag="653" ind1=" " ind2=" ">
    <subfield code="a">El programa econ&#xF3;mico 1967/69 pp. 127-172
1967/69 economic program a global and simultaneous attack on inflation</subfield>
  </datafield>
  <datafield tag="100" ind1="1" ind2=" ">
    <subfield code="a">Krieger Vasena, Adalbert</subfield>
  </datafield>
  <datafield tag="773" ind1="0" ind2=" ">
    <subfield code="t">Anales de la Academia Nacional de Ciencias Econ&#xF3;micas</subfield>
    <subfield code="g">- Vol. XLIII, (1998) (ene. 1999)</subfield>
    <subfield code="w">REV25596</subfield>
  </datafield>
  <datafield tag="999" ind1=" " ind2=" ">
    <subfield code="c">28983</subfield>
    <subfield code="d">28983</subfield>
  </datafield>
</record>
